The Binding of Isaac - Runes - Statistics

General Stats
  • This quiz has been taken 53 times
  • The average score is 20 of 27
Answer Stats
Hintc Answer % Correct
Soul Stones Soul of Isaac
95%
Soul Stones Soul of Cain
90%
Soul Stones Soul of Magdalene
85%
Classic Runes Perthro
83%
Soul Stones Soul of Eden
83%
Soul Stones Soul of Judas
83%
Classic Runes Jera
80%
Soul Stones Soul of Azazel
80%
Soul Stones Soul of Bethany
80%
Soul Stones Soul of the Lost
80%
Special Runes Black Rune
78%
Soul Stones Soul of Lilith
78%
Soul Stones Soul of the Keeper
78%
Classic Runes Dagaz
75%
Special Runes Blank Rune
73%
Classic Runes Hagalaz
73%
Soul Stones Soul of Eve
73%
Soul Stones Soul of the Forgotten
73%
Soul Stones Soul of Lazarus
70%
Soul Stones Soul of Samson
70%
Soul Stones Soul of Apollyon
68%
Soul Stones Soul of Jacob and Esau
65%
Classic Runes Berkano
63%
Classic Runes Algiz
53%
Classic Runes Ansuz
50%
Classic Runes Ehwaz
50%
Special Runes Rune Shard
43%
No matching quizzes found
Score Distribution
Percent of People with Each Score
Percentile by Number Answered
Your Score History
You have not taken this quiz